LEADER 01017nam--2200325---450- 001 990000322830203316 035 $a0032283 035 $aUSA010032283 035 $a(ALEPH)000032283USA01 035 $a0032283 100 $a20010111d1903----km-y0itay0103----ba 101 $aita 102 $aIT 105 $a||||||||001yy 200 1 $aScuola serale e domenicale di arti e mestieri in Salerno$eanno di fondazione 1880$eR.D. 15 marzo 1896 n.96 (Parte supplementare) 210 $aSalerno$cStab. Tip. Fratelli Jovane$d1903 215 $a38 p.$d21 cm 461 1$1001-------$12001 606 0 $aSalerno$xScuola arti e mestieri 676 $a373 801 0$aIT$bsalbc$gISBD 912 $a990000322830203316 951 $aV G MISC 1/141$cV G$d00000274 959 $aBK 969 $aUMA 979 $aTAMI$b40$c20010111$lUSA01$h1439 979 $c20020403$lUSA01$h1640 979 $aPATRY$b90$c20040406$lUSA01$h1622 996 $aScuola serale e domenicale di arti e mestieri in Salerno$9880039 997 $aUNISA LEADER 01070cam0-2200349---450- 001 990004088220403321 005 20121106133133.0 010 $a2-600-00185-9 035 $a000408822 035 $aFED01000408822 035 $a(Aleph)000408822FED01 035 $a000408822 100 $a19990604d1997----km-y0itay50------ba 101 0 $afre 102 $aCH 105 $a--------001yy 200 1 $aAntonin Artaud$el'énonciation, ou l'épreuve de la cruauté$fCatherine Bouthors-Paillart$gpréface de Julia Kristeva 210 $aGenève$cDroz$d1997 215 $aXIII, 230 p.$d22 cm 225 1 $aHistoire des idées et critique littéraire$v357 610 0 $aArtaud, Antonin 676 $a842.912 700 1$aBouthors-Paillart,$bCatherine$0158305 702 1$aKristeva,$bJulia$f<1941- > 801 0$aIT$bUNINA$gRICA$2UNIMARC 901 $aBK 912 $a990004088220403321 952 $a842.912 ARTA/S 2$bBibl.27142$fFLFBC 952 $a842.912 ARTA/S 2BIS$bDip.f.m.9276$fFLFBC 959 $aFLFBC 996 $aAntonin Artaud$9479390 997 $aUNINA LEADER 05273nam 2200637 450 001 9910811898703321 005 20220526235807.0 010 $a3-86527-966-X 024 7 $a10.31819/9783865279668 035 $a(CKB)3240000000093241 035 $a(SSID)ssj0000716110 035 $a(PQKBManifestationID)12302793 035 $a(PQKBTitleCode)TC0000716110 035 $a(PQKBWorkID)10717634 035 $a(PQKB)10584630 035 $a(MiAaPQ)EBC3225728 035 $a(DE-B1597)516573 035 $a(OCoLC)777172113 035 $a(DE-B1597)9783865279668 035 $a(MiAaPQ)EBC6346758 035 $a(Au-PeEL)EBL6346758 035 $a(OCoLC)991926842 035 $a(FlNmELB)ELB55323 035 $a(EXLCZ)993240000000093241 100 $a20220526d2010 uy 0 101 0 $aspa 135 $aurcnu|||||||| 181 $ctxt 182 $cc 183 $acr 200 03$aLa Biblia en la literatura del Siglo de Oro /$fedited by Ignacio Arellano, Ruth Fine 210 1$aMadrid, Spain ;$aFrankfurt am Main, Germany :$cIberoamericana :$cVervuert,$d[2010] 210 4$d©2010 215 $a1 online resource (477 pa?ginas) 225 0 $aBiblioteca Áurea Hispánica ;$v56 300 $aCollected essays. 311 0 $a84-8489-446-0 320 $aIncludes bibliographical references. 327 $tFront matter --$tÍNDICE --$tPresentación /$rFine, Ruth / Arellano, Ignacio --$tArias Montano y la tradición filológica humanista en España /$rAlburquerque García, Luis --$tEcos de la Biblia en el Quijote: Abrahán y don Quijote. La burra de Balaam y el relato del rebuzno /$rOlmos, Santiago Ausín --$tLa Biblia en los corrales de comedias: Tirso y Calderón /$rBenabu, Isaac --$tEl imaginario bíblico y la historiografía misionera novohispana /$rBoruchoff, David A. --$tQuevedo, El Buscón cap. III, y «dizer tefilá» /$rBrown, Kenneth --$tBiblia y refranero español del Siglo de Oro: el Vocabulario de Correas /$rCasado Velarde, Manuel / Varo, Francisco --$tUn ejemplo del marco bíblico de la literatura reformadora proto-picaresca /$rColahan, Clark --$tReferencias bíblicas en la obra de Mateo Alemán /$rEstela-Guillemont, Michèle --$tEl canon veterotestamentario: historia, hermenéutica y teología en la primera obra devota de Jorge de Montemayor /$rde Llobet, Lola Esteva --$tLa presencia de la Biblia en la obra teatral de Cervantes /$rFine, Ruth --$tLa Biblia en la obra literaria de Sor Juana Inés de la Cruz /$rGarcía Valdés, Celsa Carmen --$tEl Me'am Lo'ez de Rabbi Ya'akov Khulí (Julí) (1730): un comentario en ladino al libro del Génesis /$rMeyuhas Ginio, Alisa --$t«Mi alma tuvo sed de ti...»: San Juan de la Cruz y sus dos versiones del Psalmo 62[63], 2 /$rGirón Negrón, Luis M. --$tSiglo de Oro y Biblia: una perspectiva otomana /$rGutwirth, Eleazar --$t«La lengua santa, fuente y principio de todas las demás». Sobre el estado privilegiado del hebreo en el Tesoro de la lengua castellana o española de Covarrubias /$rHasson, Or --$tPresencias bíblicas en La vida es sueño /$rHerraiz de Tresca, Teresa --$tLa ley de Moisés en un certamen poético del siglo XVI /$rHerrera, Arnulfo --$tSor Juana o la poética del silencio (Primera Epístola a los Corintios, 14, 34, según la Respuesta a Sor Filotea) /$rIllades Aguiar, Gustavo --$tLa inspiración de la Biblia y de la liturgia en la obra de Antonio Enríquez Gómez (1600-1663) /$rKramer-Hellinx, Nechama --$tLos elementos bíblicos y la alegoría en el auto sacramental La siembra del Señor de Calderón /$rMata Induráin, Carlos --$tDurandarte y el grave eclesiástico, una cuestión de tiempos y libros /$rParodi, Alicia --$tRojas Zorrilla y los motivos bíblicos: Los trabajos de Tobías ante la crítica /$rPedraza Jiménez, Felipe B. --$tEl José otomano del Séfer Me'am lo'ez de Bere?it (1730): entre ficción y realidad social /$rQuintana, Aldina --$tLa historia de José y la mujer de Putifar (Génesis, 39, 7-20): conjunción de las tradiciones bíblica y clásica en Cervantes (La Gitanilla y Persiles 4.7) /$rSalgado, Ofelia N. --$tExégesis bíblica y poesía en la paráfrasis del salmo 102 de fray Luis de León /$rSan José Lera, Javier --$tEl quechua y la Biblia en el Tercero Catecismo y exposición de la doctrina cristiana por sermones (Lima, 1585) /$rSzemi?ski, Jan --$tLos cuatro sentidos bíblicos y los autos /$rVillanueva Fernández, Juan Manuel 330 $aColección de textos en torno al libro de mayor centralidad para la cultura judeocristiana, la Biblia, y a su captación y reelaboración durante el Siglo de Oro, así como en las culturas sefardí e hispanoamericana de la época. 410 0$aBiblioteca Aurea hispa?nica ;$vVolume 56. 606 $aSpanish literature$yClassical period, 1500-1700$xHistory and criticism 607 $aSpain$xReligious life and customs 607 $aSpain$xIntellectual life 615 0$aSpanish literature$xHistory and criticism. 676 $a860.93822 686 $aIO 1558$2rvk 702 $aArellano$b Ignacio 702 $aFine$b Ruth 801 0$bMiAaPQ 801 1$bMiAaPQ 801 2$bMiAaPQ 906 $aBOOK 912 $a9910811898703321 996 $aLa Biblia en la literatura del Siglo de Oro$93933729 997 $aUNINA